<?xml version="1.0" encoding="UTF-8"?>
<record
    xmlns:xsi="http://www.w3.org/2001/XMLSchema-instance"
    xsi:schemaLocation="http://www.loc.gov/MARC21/slim http://www.loc.gov/standards/marcxml/schema/MARC21slim.xsd"
    xmlns="http://www.loc.gov/MARC21/slim">

  <leader>01189nam0a22002651  4500</leader>
  <controlfield tag="001">RU\NLR\INFOCOMM_190\5000036177</controlfield>
  <controlfield tag="005">20250613092534.0</controlfield>
  <datafield tag="010" ind1=" " ind2=" ">
    <subfield code="9">[5000] &#x44D;&#x43A;&#x437;.</subfield>
    <subfield code="d">[&#x411;. &#x446;.]</subfield>
  </datafield>
  <datafield tag="035" ind1=" " ind2=" ">
    <subfield code="a">(NLR Aleph) 009166253</subfield>
  </datafield>
  <datafield tag="090" ind1=" " ind2=" ">
    <subfield code="a">8484828</subfield>
    <subfield code="c">8484828</subfield>
  </datafield>
  <datafield tag="100" ind1=" " ind2=" ">
    <subfield code="a">20100211d1931    |||y0rusy50      ca</subfield>
  </datafield>
  <datafield tag="101" ind1="0" ind2=" ">
    <subfield code="a">ger</subfield>
  </datafield>
  <datafield tag="102" ind1=" " ind2=" ">
    <subfield code="a">RU</subfield>
  </datafield>
  <datafield tag="105" ind1=" " ind2=" ">
    <subfield code="a">y   ||||000|y</subfield>
  </datafield>
  <datafield tag="200" ind1="1" ind2=" ">
    <subfield code="a">&#x88;...&#x89; Der Bund der k&#xE4;mpfenden gottlosen und seine T&#xE4;tigkeit</subfield>
    <subfield code="e">[Artickelsammlung]</subfield>
    <subfield code="f">Der Bund der k&#xE4;mpfenden gottlosen der USSR</subfield>
  </datafield>
  <datafield tag="210" ind1=" " ind2=" ">
    <subfield code="a">Moskau</subfield>
    <subfield code="a">Leninegrad</subfield>
    <subfield code="c">Ogiz - Moskowsky rabotschy</subfield>
    <subfield code="d">1931 [&#x43D;&#x430; &#x43E;&#x431;&#x43B;.: 1932]</subfield>
    <subfield code="g">[&#x418;&#x43D;&#x442;&#x435;&#x440;&#x43D;&#x430;&#x446;&#x438;&#x43E;&#x43D;&#x430;&#x43B;&#x44C;&#x43D;&#x430;&#x44F; &#x442;&#x438;&#x43F;. &#x432; &#x41C;&#x441;&#x43A;]</subfield>
  </datafield>
  <datafield tag="215" ind1=" " ind2=" ">
    <subfield code="a">45, [2] &#x441;.</subfield>
    <subfield code="d">21&#xD7;15 &#x441;&#x43C;</subfield>
  </datafield>
  <datafield tag="300" ind1=" " ind2=" ">
    <subfield code="a">&#x41D;&#x430; &#x43E;&#x431;&#x43E;&#x440;&#x43E;&#x442;&#x435; &#x442;&#x438;&#x442;. &#x43B;.: "&#x421;&#x43E;&#x44E;&#x437; &#x432;&#x43E;&#x438;&#x43D;&#x441;&#x442;&#x432;&#x443;&#x44E;&#x449;&#x438;&#x445; &#x431;&#x435;&#x437;&#x431;&#x43E;&#x436;&#x43D;&#x438;&#x43A;&#x43E;&#x432; &#x438; &#x435;&#x433;&#x43E; &#x440;&#x430;&#x431;&#x43E;&#x442;&#x430;"</subfield>
  </datafield>
  <datafield tag="320" ind1=" " ind2=" ">
    <subfield code="a">&#x411;&#x438;&#x431;&#x43B;&#x438;&#x43E;&#x433;&#x440;&#x430;&#x444;&#x438;&#x44F;: &#x443;&#x43A;&#x430;&#x437;&#x430;&#x43D;&#x438;&#x44F; &#x43F;&#x435;&#x440;&#x438;&#x43E;&#x434;&#x438;&#x447;&#x435;&#x441;&#x43A;&#x43E;&#x439; &#x43B;&#x438;&#x442;&#x435;&#x440;&#x430;&#x442;&#x443;&#x440;&#x44B; &#x43A; &#x441;&#x442;&#x430;&#x442;&#x44C;&#x435; "Der B. K. G. inziffern" (21 &#x43D;&#x430;&#x437;&#x432;.)</subfield>
  </datafield>
  <datafield tag="601" ind1="0" ind2="2">
    <subfield code="a">&#x421;&#x43E;&#x44E;&#x437; &#x432;&#x43E;&#x438;&#x43D;&#x441;&#x442;&#x432;&#x443;&#x44E;&#x449;&#x438;&#x445; &#x431;&#x435;&#x437;&#x431;&#x43E;&#x436;&#x43D;&#x438;&#x43A;&#x43E;&#x432;</subfield>
    <subfield code="c">&#x421;&#x421;&#x421;&#x420;</subfield>
    <subfield code="2">nlr_sh1</subfield>
  </datafield>
  <datafield tag="801" ind1=" " ind2="1">
    <subfield code="a">RU</subfield>
    <subfield code="b">NLR</subfield>
    <subfield code="c">20100211</subfield>
  </datafield>
  <datafield tag="801" ind1=" " ind2="0">
    <subfield code="a">RU</subfield>
    <subfield code="b">NLR</subfield>
    <subfield code="g">PSBO</subfield>
  </datafield>
  <datafield tag="852" ind1=" " ind2=" ">
    <subfield code="a">NLR</subfield>
    <subfield code="j">&#x415;-10/606</subfield>
  </datafield>
  <datafield tag="942" ind1=" " ind2=" ">
    <subfield code="c">BOOK</subfield>
  </datafield>
  <datafield tag="980" ind1=" " ind2=" ">
    <subfield code="a">NB</subfield>
  </datafield>
  <datafield tag="995" ind1=" " ind2=" ">
    <subfield code="5">2013-10-26</subfield>
    <subfield code="b">NLR02</subfield>
    <subfield code="c">NLR02</subfield>
    <subfield code="e">IFS</subfield>
    <subfield code="f">9166253-10</subfield>
    <subfield code="k">&#x415;-10/606</subfield>
    <subfield code="o">0</subfield>
    <subfield code="r">BOOK</subfield>
    <subfield code="s">10606_</subfield>
  </datafield>
</record>
